000 00652nam a2200277Ia 4500
005 20260324140543.0
008 008 260324s9999 xx 000 0 eng d
020 _a9780429178269
037 _aEBOOK
040 _aCRL
040 _beng
040 _cCRL
041 _2eng
041 _aeng
084 _qCRL
100 _aPeter Sonderegger
_91204839
245 0 _aIg Superfamily Molecules in the Nervous System
260 _bTaylor and Francis
260 _c1998
365 _a
365 _b560
856 _uhttp://www.taylorfrancis.com/books/9780429178269
942 _cEBOOK
999 _c1807031
_d1807031